| 000 | 00770nam a22001577a 4500 | ||
|---|---|---|---|
| 003 | OSt | ||
| 005 | 20150927145415.0 | ||
| 008 | 150927b xxu||||| |||| 00| 0 eng d | ||
| 040 | _cRUA | ||
| 082 | _aAGR PIC 2011 B050 Or.1 | ||
| 100 |
_91422 _aPICH, OUTDOM |
||
| 245 | _aEffect of different fertilizer on phka romduol rice variety at crop station of royal university of agriculture ឥទ្ធិពលនៃប្រភេទជីផ្សេងគ្នាទៅលើពូជស្រូវផ្ការំដួលនៅស្ថានីយ៍ពិសោធន៍ដំណាំ នៃសាកលវិទ្យាល័យភូមិន្ទកសិកម្ម | ||
| 260 |
_aPhnom Penh _bRUA _c2011 |
||
| 300 |
_axii, 48p. _bill. _c29cm. |
||
| 942 |
_2ddc _cAGR |
||
| 999 |
_c1337 _d1337 |
||